[Event "35. Torneo Internacional La Roda "]
[Site "La Roda ESP"]
[Date "2008.03.22"]
[Round "7.19"]
[White "Ivanov, Jordan"]
[Black "Moreno Gracia, Daniel"]
[Result "1-0"]
[WhiteElo "2371"]
[BlackElo "2222"]
[PlyCount "87"]
[EventDate "2008.03.19"]
[EventType "swiss"]
[EventRounds "9"]
[EventCountry "ESP"]
[Source "lmi"]
[SourceDate "2008.03.19"]

1. d4 Nf6 2. c4 e6 3. Nc3 Bb4 4. e3 c5 5. Bd3 Nc6 6. Nge2 cxd4 7. exd4 d5 8.
cxd5 Nxd5 9. O-O Bd6 10. Nxd5 exd5 11. Re1 O-O 12. Bf4 Bg4 13. f3 Bh5 14. Bb5
Ne7 15. Qd2 Rc8 16. a3 Bg6 17. Rac1 Qb6 18. Bxd6 Qxd6 19. Qb4 Qxb4 20. axb4
Rxc1 21. Rxc1 Rc8 22. Nc3 f6 23. Bf1 Kf8 24. b5 b6 25. Re1 Rd8 26. g3 Nf5 27.
Rd1 Ne3 28. Rd2 Nxf1 29. Kxf1 Ke7 30. Ke2 Kd6 31. Rd1 Rc8 32. Ra1 Rc7 33. Kd2
Be8 34. Re1 Bd7 35. b3 Rc8 36. h4 h5 37. Rg1 g5 38. Ra1 gxh4 39. gxh4 Rg8 40.
Rxa7 Rg2+ 41. Ke3 Rb2 42. Rb7 Rc2 43. Rxb6+ Kc7 44. Nxd5+ 1-0

[Event "35. Torneo Internacional La Roda "]
[Site "La Roda ESP"]
[Date "2008.03.22"]
[Round "7.20"]
[White "Antoli Royo, Joaquin Miguel"]
[Black "Sanchez Jerez, Emilio"]
[Result "1-0"]
[WhiteElo "2350"]
[BlackElo "2143"]
[PlyCount "61"]
[EventDate "2008.03.19"]
[EventType "swiss"]
[EventRounds "9"]
[EventCountry "ESP"]
[Source "lmi"]
[SourceDate "2008.03.19"]

1. e4 c5 2. Nf3 g6 3. d4 cxd4 4. Qxd4 Nf6 5. e5 Nc6 6. Qa4 Nd5 7. Qe4 Ndb4 8.
Bb5 Qa5 9. Nc3 d5 10. exd6 Bf5 11. Qe5 Nxc2+ 12. Kf1 Bd3+ 13. Kg1 Bxb5 14. Qxh8
Nxa1 15. Bh6 O-O-O 16. Bxf8 exd6 17. h3 Nc2 18. Kh2 d5 19. Rc1 Bd3 20. Qg7 d4
21. Nb1 Qxa2 22. Nbd2 Qxb2 23. Rb1 Qa2 24. Rb3 Bc4 25. Nxc4 Qxb3 26. Qxf7 Kb8
27. Ng5 a5 28. Ne6 Rd5 29. Qc7+ Ka7 30. Bc5+ Ka6 31. Qxa5+ 1-0

[Event "35. Torneo Internacional La Roda "]
[Site "La Roda ESP"]
[Date "2008.03.23"]
[Round "8.2"]
[White "Strikovic, Aleksa"]
[Black "Cabrera, Alexis"]
[Result "1/2-1/2"]
[WhiteElo "2543"]
[BlackElo "2491"]
[PlyCount "35"]
[EventDate "2008.03.19"]
[EventType "swiss"]
[EventRounds "9"]
[EventCountry "ESP"]
[Source "lmi"]
[SourceDate "2008.03.19"]

1. Nf3 Nf6 2. c4 g6 3. g3 Bg7 4. Bg2 O-O 5. O-O c6 6. d4 d5 7. cxd5 cxd5 8. Ne5
e6 9. Nc3 Nfd7 10. f4 Nc6 11. Be3 f6 12. Nd3 Nb6 13. Bf2 f5 14. Ne5 Bd7 15. Rc1
Qe7 16. e3 Nc8 17. g4 Nd6 18. Be1 1/2-1/2

[Event "35. Torneo Internacional La Roda "]
[Site "La Roda ESP"]
[Date "2008.03.23"]
[Round "8.4"]
[White "Herraiz Hidalgo, Herminio"]
[Black "Paunovic, Dragan"]
[Result "1/2-1/2"]
[WhiteElo "2485"]
[BlackElo "2522"]
[PlyCount "43"]
[EventDate "2008.03.19"]
[EventType "swiss"]
[EventRounds "9"]
[EventCountry "ESP"]
[Source "lmi"]
[SourceDate "2008.03.19"]

1. d4 d6 2. Nf3 Nf6 3. c4 g6 4. Nc3 Bg7 5. e4 O-O 6. Be2 e5 7. O-O c6 8. d5 Na6
9. Re1 c5 10. Bg5 h6 11. Bd2 Ne8 12. Qc1 Kh7 13. g3 Bd7 14. a3 b6 15. Nh4 Rb8
16. b4 Nac7 17. Rb1 Nf6 18. Qc2 Qe7 19. Ng2 Ng8 20. Ne3 h5 21. Ng2 Nh6 22. f4
1/2-1/2

[Event "35. Torneo Internacional La Roda "]
[Site "La Roda ESP"]
[Date "2008.03.23"]
[Round "8.5"]
[White "Mirzoev, Azer"]
[Black "Kislik, Erik Andrew"]
[Result "1-0"]
[WhiteElo "2518"]
[BlackElo "2216"]
[PlyCount "91"]
[EventDate "2008.03.19"]
[EventType "swiss"]
[EventRounds "9"]
[EventCountry "ESP"]
[Source "lmi"]
[SourceDate "2008.03.19"]

1. b3 Nf6 2. Bb2 c5 3. c4 Nc6 4. Nf3 e6 5. e3 Be7 6. d4 cxd4 7. exd4 d5 8. Nbd2
O-O 9. Bd3 Re8 10. O-O Nd7 11. a3 Bf6 12. Qc2 Nf8 13. Rad1 Bd7 14. Rfe1 Rc8 15.
Qb1 Rc7 16. Ne5 Bxe5 17. dxe5 Ne7 18. Nf3 dxc4 19. Bxc4 Qa8 20. Ng5 Bc6 21. Ne4
b6 22. Nd6 Rd8 23. Bf1 Nd5 24. Qd3 Ng6 25. Qg3 Rcd7 26. h4 Nde7 27. h5 Nf5 28.
Qg4 Nge7 29. Bd3 Nh6 30. Qg5 Nc8 31. Bb1 Bd5 32. Qg3 Ne7 33. b4 Kh8 34. f3 Qb8
35. Bc1 Neg8 36. Bf4 Qa8 37. Qf2 Qc6 38. Rc1 Qa4 39. Qe3 Qb3 40. Rc3 Qb2 41.
Qd3 g6 42. Bc1 Qa1 43. Qc2 Nf5 44. Bb2 Nd4 45. Bxa1 Nxc2 46. Bxc2 1-0

[Event "35. Torneo Internacional La Roda "]
[Site "La Roda ESP"]
[Date "2008.03.23"]
[Round "8.7"]
[White "Ivanov, Jordan"]
[Black "Granda Zuniga, Julio E"]
[Result "1/2-1/2"]
[WhiteElo "2371"]
[BlackElo "2588"]
[PlyCount "87"]
[EventDate "2008.03.19"]
[EventType "swiss"]
[EventRounds "9"]
[EventCountry "ESP"]
[Source "lmi"]
[SourceDate "2008.03.19"]

1. d4 Nf6 2. c4 e6 3. Nc3 Bb4 4. e3 c5 5. Bd3 Nc6 6. Nge2 d5 7. cxd5 Nxd5 8.
O-O cxd4 9. exd4 O-O 10. Nxd5 Qxd5 11. Be3 Rd8 12. Qc2 h6 13. Rfd1 Bd6 14. a3
Ne7 15. Bh7+ Kh8 16. Be4 Qb5 17. Bf4 Bxf4 18. Nxf4 Bd7 19. Qc5 Qxc5 20. dxc5
Bc6 21. Bxc6 Nxc6 22. b4 a5 23. Rxd8+ Rxd8 24. b5 Nd4 25. Rb1 g5 26. Nd3 Ne2+
27. Kf1 Nc3 28. Ne5 Kg7 29. Rc1 Nxb5 30. a4 Nd4 31. Rb1 Rd5 32. Nd3 e5 33. Rxb7
e4 34. Ne1 Rxc5 35. Re7 Ne6 36. Ra7 Rc1 37. Ke2 Ra1 38. Rxa5 Nf4+ 39. Kd2 Ra2+
40. Nc2 Rb2 41. Rb5 Ra2 42. Rb4 Nd3 43. Rd4 Nc5 44. Rc4 1/2-1/2

[Event "35. Torneo Internacional La Roda "]
[Site "La Roda ESP"]
[Date "2008.03.23"]
[Round "8.8"]
[White "Macak, Stefan"]
[Black "Epishin, Vladimir"]
[Result "1/2-1/2"]
[WhiteElo "2361"]
[BlackElo "2577"]
[PlyCount "47"]
[EventDate "2008.03.19"]
[EventType "swiss"]
[EventRounds "9"]
[EventCountry "ESP"]
[Source "lmi"]
[SourceDate "2008.03.19"]

1. e4 c5 2. Nf3 a6 3. c3 d5 4. e5 Bg4 5. d4 cxd4 6. cxd4 Nc6 7. Be2 e6 8. Be3
Nge7 9. O-O Nf5 10. Qd2 Be7 11. Nc3 O-O 12. h3 Bxf3 13. Bxf3 Rc8 14. Bg4 Bb4
15. Rac1 Nce7 16. a3 Bxc3 17. Rxc3 Rxc3 18. Qxc3 Nxe3 19. fxe3 Qd7 20. Rc1 Rc8
21. Qd2 Rxc1+ 22. Qxc1 Qc8 23. Qxc8+ Nxc8 24. Kf2 1/2-1/2

[Event "35. Torneo Internacional La Roda "]
[Site "La Roda ESP"]
[Date "2008.03.23"]
[Round "8.9"]
[White "Rabadan Velasco, Raul"]
[Black "Kolev, Atanas"]
[Result "0-1"]
[WhiteElo "2304"]
[BlackElo "2572"]
[PlyCount "72"]
[EventDate "2008.03.19"]
[EventType "swiss"]
[EventRounds "9"]
[EventCountry "ESP"]
[Source "lmi"]
[SourceDate "2008.03.19"]

1. d4 Nf6 2. c4 e6 3. Nf3 d5 4. Nc3 dxc4 5. e4 Bb4 6. Bg5 c5 7. e5 cxd4 8. Qa4+
Nc6 9. O-O-O Bd7 10. Ne4 Be7 11. exf6 gxf6 12. Bh4 a6 13. Qxc4 e5 14. Kb1 Be6
15. Qe2 Nb4 16. b3 Rc8 17. Ne1 Qa5 18. Qb2 Bf5 19. f3 Nd5 20. Ka1 Bxe4 21. fxe4
Nc3 22. Rd3 Ba3 23. Qc2 Rc6 24. Rf3 Nxa2 25. Bc4 Nb4 26. Qf2 Bc1+ 27. Kb1 Be3
28. Qb2 b5 29. Rxf6 bxc4 30. Rxc6 Nxc6 31. Nc2 c3 32. Qa2 Qxa2+ 33. Kxa2 Bd2
34. Be1 Bh6 35. Rf1 d3 36. Bxc3 dxc2 0-1

[Event "35. Torneo Internacional La Roda "]
[Site "La Roda ESP"]
[Date "2008.03.23"]
[Round "8.10"]
[White "Almeida Quintana, Omar"]
[Black "Antoli Royo, Joaquin Miguel"]
[Result "1-0"]
[WhiteElo "2500"]
[BlackElo "2350"]
[PlyCount "41"]
[EventDate "2008.03.19"]
[EventType "swiss"]
[EventRounds "9"]
[EventCountry "ESP"]
[Source "lmi"]
[SourceDate "2008.03.19"]

1. d4 d5 2. Nf3 Nf6 3. c4 c6 4. Nc3 g6 5. Bg5 Bg7 6. e3 Ne4 7. Bh4 O-O 8. Qb3
Nxc3 9. bxc3 b6 10. Be2 Bb7 11. O-O c5 12. dxc5 Nd7 13. cxb6 Nc5 14. Qb4 axb6
15. a4 dxc4 16. a5 Nd3 17. Qxc4 Ba6 18. Qa2 Bxc3 19. Rad1 Nb4 20. Qb3 Qc8 21.
Bxa6 1-0

[Event "35. Torneo Internacional La Roda "]
[Site "La Roda ESP"]
[Date "2008.03.23"]
[Round "8.11"]
[White "Ibarra Jerez, Jose Carlos"]
[Black "Naranjo Moreno, Antonio"]
[Result "1/2-1/2"]
[WhiteElo "2493"]
[BlackElo "2257"]
[PlyCount "227"]
[EventDate "2008.03.19"]
[EventType "swiss"]
[EventRounds "9"]
[EventCountry "ESP"]
[Source "lmi"]
[SourceDate "2008.03.19"]

1. e4 e5 2. Nf3 Nc6 3. Nc3 Nf6 4. d4 exd4 5. Nxd4 Nxe4 6. Nxe4 Qe7 7. f3 d5 8.
Bb5 Bd7 9. O-O dxe4 10. Bxc6 bxc6 11. Re1 O-O-O 12. Qe2 Kb7 13. fxe4 Qe5 14.
Qf2 Bc5 15. c3 Be6 16. Be3 Rd7 17. a4 a5 18. Nf3 Bxe3 19. Qxe3 Qh5 20. b4 axb4
21. cxb4 Rhd8 22. Qc3 Rd3 23. Qxg7 Rxf3 24. gxf3 Rd2 25. Qg3 Bh3 26. Rad1 Rg2+
27. Qxg2 Bxg2 28. Kxg2 Qg5+ 29. Kh1 Qf6 30. Rf1 Qf4 31. Rd3 h5 32. Kg2 Qg5+ 33.
Kh3 f5 34. Re1 fxe4 35. Rxe4 Qg1 36. Red4 Qf1+ 37. Kh4 Qf2+ 38. Kxh5 Qxh2+ 39.
Kg4 Qg2+ 40. Kf4 Qh2+ 41. Ke4 Qe2+ 42. Kf5 Qe7 43. f4 Qf7+ 44. Kg4 Qg6+ 45. Kf3
Qh5+ 46. Kg3 Qg6+ 47. Kf2 Qh5 48. Ke3 Qh3+ 49. Kd2 Qg2+ 50. Kc3 Qf1 51. Kc2
Qf2+ 52. Rd2 Qf3 53. Rc4 Qf1 54. Rcd4 Qf3 55. Kb2 c5 56. bxc5 Kc6 57. Rc2 Qe3
58. Rb4 Qe1 59. Rb3 Qe4 60. Rcc3 Qxf4 61. a5 Qa4 62. Ra3 Qb5+ 63. Ka1 Qf1+ 64.
Kb2 Qe2+ 65. Rc2 Qa6 66. Ka2 Kd7 67. c6+ Kd6 68. Ra4 Kd5 69. Rcc4 Kd6 70. Kb2
Qb5+ 71. Ka3 Qb1 72. Rd4+ Ke5 73. Rac4 Qb5 74. Re4+ Kf5 75. Rf4+ Kg5 76. Rg4+
Kf5 77. Rcf4+ Ke6 78. Re4+ Kf5 79. Ref4+ Ke6 80. Rg6+ Ke7 81. Rg7+ Ke6 82. Rg6+
Ke7 83. Rfg4 Qxa5+ 84. Kb3 Qd5+ 85. Kc3 Qf3+ 86. Kd4 Qd1+ 87. Ke5 Qa1+ 88. Rd4
Kf7 89. Rf6+ Ke8 90. Rff4 Qc3 91. Kd5 Qb3+ 92. Rc4 Ke7 93. Rfd4 Kf6 94. Ke4
Qb1+ 95. Rd3 Ke6 96. Rcc3 Qh1+ 97. Kd4 Kd6 98. Ke3+ Ke6 99. Kd2 Qg2+ 100. Kc1
Qg1+ 101. Rd1 Qf2 102. Rd7 Qe1+ 103. Kb2 Qe2+ 104. Kb3 Qb5+ 105. Kc2 Qe2+ 106.
Rd2 Qe4+ 107. Rdd3 Qa4+ 108. Kd2 Qf4+ 109. Re3+ Kd5 110. Kc2 Qa4+ 111. Kd2 Qf4
112. Kc2 Qa4+ 113. Kc1 Qf4 114. Kd2 1/2-1/2

[Event "35. Torneo Internacional La Roda "]
[Site "La Roda ESP"]
[Date "2008.03.23"]
[Round "8.12"]
[White "Garcia, Jhoel"]
[Black "Sanchez, Joseph"]
[Result "1-0"]
[WhiteElo "2289"]
[BlackElo "2492"]
[PlyCount "43"]
[EventDate "2008.03.19"]
[EventType "swiss"]
[EventRounds "9"]
[EventCountry "ESP"]
[Source "lmi"]
[SourceDate "2008.03.19"]

1. e4 c5 2. Nf3 Nc6 3. d4 cxd4 4. Nxd4 Nf6 5. Nc3 e5 6. Ndb5 d6 7. Bg5 a6 8.
Na3 b5 9. Nd5 Qa5+ 10. Bd2 Qd8 11. Bg5 Be7 12. Bxf6 gxf6 13. c3 Rg8 14. Nc2 f5
15. exf5 Bxf5 16. a4 bxa4 17. Rxa4 Bd7 18. Nce3 a5 19. Nxe7 Nxe7 20. Rh4 Nf5
21. Rxh7 Nxe3 22. fxe3 1-0

[Event "35. Torneo Internacional La Roda "]
[Site "La Roda ESP"]
[Date "2008.03.23"]
[Round "8.13"]
[White "Porat, Ido"]
[Black "Kovacevic, Slobodan"]
[Result "1/2-1/2"]
[WhiteElo "2272"]
[BlackElo "2413"]
[PlyCount "101"]
[EventDate "2008.03.19"]
[EventType "swiss"]
[EventRounds "9"]
[EventCountry "ESP"]
[Source "lmi"]
[SourceDate "2008.03.19"]

1. d4 Nf6 2. c4 e6 3. Nf3 c5 4. d5 exd5 5. cxd5 d6 6. Nc3 g6 7. g3 Bg7 8. Bg2
O-O 9. O-O Re8 10. Nd2 a6 11. a4 Nbd7 12. h3 Rb8 13. Nc4 Nb6 14. Na3 Bd7 15. e4
Nh5 16. g4 Nf6 17. Bg5 h6 18. Bh4 Qc7 19. f4 Nxa4 20. Nxa4 Nxe4 21. Nc2 b5 22.
Bxe4 bxa4 23. Bg2 Bb5 24. Re1 Bxb2 25. Ra2 Bc3 26. Rxe8+ Rxe8 27. Qf3 Bg7 28.
f5 Be2 29. Qa3 g5 30. Be1 Bb5 31. Bc3 Be5 32. Ra1 Bf4 33. Bf3 Qd8 34. Kf2 Qa8
35. Bb2 Qd8 36. Rd1 f6 37. Bc3 Kf7 38. Qb2 Be5 39. Na3 Qa5 40. Rc1 Bxc3 41.
Qxc3 Qb4 42. Nc4 Bxc4 43. Qxc4 Qd2+ 44. Kg3 Re1 45. Rxe1 Qxe1+ 46. Kg2 a3 47.
Qxa6 Qd2+ 48. Kf1 Qc1+ 49. Kf2 Qb2+ 50. Be2 a2 51. Qa7+ 1/2-1/2

[Event "35. Torneo Internacional La Roda "]
[Site "La Roda ESP"]
[Date "2008.03.23"]
[Round "8.14"]
[White "Marholev, Dimitar"]
[Black "Hernandez, Ivan"]
[Result "1/2-1/2"]
[WhiteElo "2401"]
[BlackElo "2314"]
[PlyCount "37"]
[EventDate "2008.03.19"]
[EventType "swiss"]
[EventRounds "9"]
[EventCountry "ESP"]
[Source "lmi"]
[SourceDate "2008.03.19"]

1. e4 e6 2. d4 d5 3. Nd2 c5 4. exd5 Qxd5 5. Ngf3 cxd4 6. Bc4 Qd6 7. O-O Nf6 8.
Nb3 Nc6 9. Nbxd4 Nxd4 10. Nxd4 a6 11. a4 Qc7 12. b3 Bd6 13. h3 O-O 14. Bb2 e5
15. Ne2 Bf5 16. Ng3 Bg6 17. Qe2 Rfe8 18. Rad1 Rac8 19. h4 1/2-1/2

[Event "35. Torneo Internacional La Roda "]
[Site "La Roda ESP"]
[Date "2008.03.23"]
[Round "8.15"]
[White "Vehi Bach, Victor M"]
[Black "Fernandez Barrera, Victor"]
[Result "1/2-1/2"]
[WhiteElo "2373"]
[BlackElo "2247"]
[PlyCount "41"]
[EventDate "2008.03.19"]
[EventType "swiss"]
[EventRounds "9"]
[EventCountry "ESP"]
[Source "lmi"]
[SourceDate "2008.03.19"]

1. e4 e6 2. d4 d5 3. Nc3 Nf6 4. Bg5 Be7 5. e5 Nfd7 6. Bxe7 Qxe7 7. f4 a6 8. Nf3
c5 9. Qd2 Nc6 10. dxc5 Qxc5 11. a3 b5 12. Ne2 f6 13. Ned4 Nxd4 14. Nxd4 Qb6 15.
exf6 Nxf6 16. Bd3 O-O 17. c3 e5 18. fxe5 Ng4 19. O-O-O Nxe5 20. Rde1 Qd6 21.
Bc2 1/2-1/2

[Event "35. Torneo Internacional La Roda "]
[Site "La Roda ESP"]
[Date "2008.03.23"]
[Round "8.16"]
[White "Sanchez Gonzalez, Sergio"]
[Black "Starostits, Ilmars"]
[Result "1/2-1/2"]
[WhiteElo "2234"]
[BlackElo "2500"]
[PlyCount "99"]
[EventDate "2008.03.19"]
[EventType "swiss"]
[EventRounds "9"]
[EventCountry "ESP"]
[Source "lmi"]
[SourceDate "2008.03.19"]

1. c4 e5 2. Nc3 Nc6 3. Nf3 d6 4. d4 Bg4 5. d5 Nb8 6. e4 g6 7. h3 Bd7 8. Bd3 a5
9. a3 Na6 10. Rb1 Bg7 11. b4 axb4 12. axb4 Nf6 13. Be3 O-O 14. c5 Nh5 15. c6
bxc6 16. dxc6 Be6 17. Qa4 Nc5 18. Qd1 Nxd3+ 19. Qxd3 Ra3 20. Qc2 Nf4 21. Bxf4
exf4 22. Nb5 Ra2 23. Qd3 d5 24. Rd1 Rb2 25. O-O Rxb4 26. Nfd4 dxe4 27. Qa3 Rxd4
28. Nxd4 Bxd4 29. Qa4 f3 30. Qxd4 Qg5 31. g3 Bxh3 32. Rfe1 Bf5 33. Rxe4 Bxe4
34. Qxe4 Qh5 35. Rd5 Qh3 36. Qxf3 Re8 37. Rd1 h5 38. Qf4 Re7 39. Qf6 Re8 40.
Rd8 Rxd8 41. Qxd8+ Kg7 42. Qxc7 Qe6 43. Qb6 Qe1+ 44. Kh2 Qc3 45. c7 Qc2 46.
Qd4+ Kh7 47. Qf4 f6 48. Kg1 Qc6 49. Kf1 Kg7 50. Ke2 1/2-1/2

[Event "35. Torneo Internacional La Roda "]
[Site "La Roda ESP"]
[Date "2008.03.23"]
[Round "8.17"]
[White "Roa Alonso, Santiago"]
[Black "Guerra Tulcan, Lenin"]
[Result "1/2-1/2"]
[WhiteElo "2474"]
[BlackElo "2231"]
[PlyCount "65"]
[EventDate "2008.03.19"]
[EventType "swiss"]
[EventRounds "9"]
[EventCountry "ESP"]
[Source "lmi"]
[SourceDate "2008.03.19"]

1. d4 d5 2. c4 e6 3. Nc3 Nf6 4. Bg5 Nbd7 5. e3 Be7 6. Qc2 c6 7. cxd5 exd5 8.
Bd3 O-O 9. Nge2 Re8 10. O-O Nf8 11. f3 Ng6 12. Rad1 Nh5 13. Bxe7 Qxe7 14. e4
Nhf4 15. e5 Qg5 16. Nxf4 Qxf4 17. Qf2 f5 18. Ne2 Qg5 19. f4 Qe7 20. Ng3 Qf7 21.
Qc2 Ne7 22. b4 Be6 23. a4 Rac8 24. Qb2 Rf8 25. Rc1 Qe8 26. b5 Qd8 27. Qb4 Rf7
28. a5 cxb5 29. Bxb5 a6 30. Rxc8 Qxc8 31. Bd3 Nc6 32. Qc5 Qc7 33. Ra1 1/2-1/2

[Event "35. Torneo Internacional La Roda "]
[Site "La Roda ESP"]
[Date "2008.03.23"]
[Round "8.18"]
[White "Robles Garcia, Claudia"]
[Black "Llorente Zaro, Alfonso"]
[Result "1/2-1/2"]
[WhiteElo "2203"]
[BlackElo "2435"]
[PlyCount "59"]
[EventDate "2008.03.19"]
[EventType "swiss"]
[EventRounds "9"]
[EventCountry "ESP"]
[Source "lmi"]
[SourceDate "2008.03.19"]

1. e4 e5 2. Nf3 Nc6 3. Bb5 a6 4. Ba4 b5 5. Bb3 Na5 6. O-O d6 7. d4 Nxb3 8. axb3
f6 9. Qd3 Ne7 10. Be3 Bb7 11. Nc3 Qc8 12. Nd2 g6 13. b4 Bg7 14. Nb3 O-O 15. Na5
f5 16. dxe5 Bxe5 17. Bg5 fxe4 18. Nxe4 Bxe4 19. Qxe4 Qf5 20. Qxf5 Nxf5 21. c3
Kf7 22. Nc6 h6 23. Bd2 Rfe8 24. Rfe1 Bg7 25. Kf1 Ne7 26. Nxe7 Rxe7 27. Be3 Re6
28. Ra5 d5 29. Rea1 Re4 30. Rxa6 1/2-1/2

[Event "35. Torneo Internacional La Roda "]
[Site "La Roda ESP"]
[Date "2008.03.23"]
[Round "8.19"]
[White "Dolezal, Cristian"]
[Black "Picazo Lopez, Juan Antonio"]
[Result "1/2-1/2"]
[WhiteElo "2425"]
[BlackElo "2202"]
[PlyCount "104"]
[EventDate "2008.03.19"]
[EventType "swiss"]
[EventRounds "9"]
[EventCountry "ESP"]
[Source "lmi"]
[SourceDate "2008.03.19"]

1. e4 d5 2. e5 c5 3. f4 Nc6 4. Nf3 Bg4 5. Be2 e6 6. O-O Nge7 7. Nc3 h5 8. a3
Nf5 9. Ne1 Bxe2 10. Nxe2 Be7 11. Ng3 g6 12. d3 Rb8 13. c3 b5 14. Nxf5 gxf5 15.
Rf3 c4 16. Rh3 h4 17. Be3 Kd7 18. a4 a6 19. Bf2 Qg8 20. axb5 axb5 21. b3 cxb3
22. Qxb3 Qg4 23. Rf3 f6 24. exf6 Bxf6 25. Ra6 Rhc8 26. Bc5 Qg7 27. d4 Rg8 28.
Re3 Rgc8 29. Qa2 b4 30. Qa4 bxc3 31. Ra7+ Rc7 32. Rxc7+ Kxc7 33. Rxe6 Bxd4+ 34.
Kf1 Qd7 35. Qxc6+ Qxc6 36. Rxc6+ Kxc6 37. Bxd4 Kb5 38. Bxc3 Kc4 39. Be5 Rb1 40.
Ke2 d4 41. Bf6 Rb2+ 42. Kd1 h3 43. gxh3 Rxh2 44. Bxd4 Rxh3 45. Be5 Kd5 46. Ke2
Ke4 47. Kf2 Ra3 48. Kg2 Ra5 49. Bd6 Ra6 50. Bc7 Ra7 51. Be5 Ra5 52. Kh3 Rxe5
1/2-1/2

[Event "35. Torneo Internacional La Roda "]
[Site "La Roda ESP"]
[Date "2008.03.23"]
[Round "8.20"]
[White "Rojas, Luis"]
[Black "Cori T, Deysi"]
[Result "0-1"]
[WhiteElo "2414"]
[BlackElo "2201"]
[PlyCount "94"]
[EventDate "2008.03.19"]
[EventType "swiss"]
[EventRounds "9"]
[EventCountry "ESP"]
[Source "lmi"]
[SourceDate "2008.03.19"]

1. d4 Nf6 2. Bg5 Ne4 3. Bf4 d5 4. e3 c5 5. Bd3 Nf6 6. Nf3 Nc6 7. c3 Bg4 8. h3
Bxf3 9. Qxf3 e6 10. g4 Be7 11. Nd2 Rc8 12. g5 Nd7 13. Qg3 Qb6 14. Rb1 Nf8 15.
Qg4 Ng6 16. Bg3 h5 17. gxh6 Rxh6 18. Qe2 cxd4 19. exd4 Kd7 20. Nf3 Rch8 21. Kf1
Nh4 22. Ne5+ Nxe5 23. Bxe5 Bf6 24. Bg3 Rh5 25. b4 Nf5 26. Kg2 Nh4+ 27. Kg1 Nf5
28. Bxf5 Rxf5 29. Kg2 Rc8 30. Rb3 Rc4 31. h4 Qc6 32. b5 Qc8 33. Qd2 Be7 34. h5
Qh8 35. h6 Bg5 36. Qb2 gxh6 37. Qa3 Bf4 38. Qxa7 Qc8 39. a4 Rg5 40. a5 Bxg3 41.
fxg3 Qc7 42. Rh3 Qf4 43. Rb2 Rxc3 44. Qxb7+ Ke8 45. Kh2 Rgxg3 46. Qa8+ Ke7 47.
Qb7+ Kf6 0-1